Ligne 4 de la Stib - Statistiques

Statistiques générales
  • Ce quiz a été pris 15 fois
  • Le résultat moyen est 17 sur 21
Statistiques - réponses
Réponse % Correct
. Bourse
100%
. De Brouckère
100%
. Rogier
100%
. Stalle
100%
. Albert
91%
. Gare du Midi
91%
. Gare du Nord
91%
. Horta
91%
. Lemonnier
91%
. Parvis de Saint-Gilles
91%
. Vanderkindere
91%
. Globe
82%
. Héros
82%
. Porte de Halle
82%
. Anneessens
73%
. Berkendael
73%
. Carrefour Stalle
73%
. Messidor
73%
. Boetendael
64%
. Wagon
64%
. Egide Van Ophem
45%
Aucun quiz correspondant
Distribution des résultats
% des personnes avec chaque résultat
Percentile par nombre de réponses
Votre historique - résultats
Vous n’avez pas pris ce quiz